000 00407nam a2200157Ia 4500
008 160316s2002 xxu||||| |||| 00| 0 eng d
082 _a363.800000
_bUNI
100 _a
245 _aFacts for Life
250 _a3rd
260 _aNew York
_bUnited Nations Childrens Fund
_c2002
300 _a153
_b
_c
365 _b
650 _aChildren development, Children life, Nutrition and growth
700 _a
_a
999 _c27928
_d27928